[Event "FRA-chT3 North 0304"]
[Site "France"]
[Date "2003.10.12"]
[Round "1.8"]
[White "Bry, Stephane"]
[Black "Pican, Philippe"]
[Result "1-0"]
[WhiteElo "2104"]
[BlackElo "1890"]
[PlyCount "31"]
[EventDate "2003.11.??"]
[EventType "team"]
[EventRounds "9"]
[EventCountry "FRA"]
[SourceTitle "EXT 2006"]
[Source "ChessBase"]
[SourceDate "2005.11.24"]
[SourceVersion "1"]
[SourceVersionDate "2005.11.24"]
[SourceQuality "1"]
[WhiteTeam "Lille II"]
[BlackTeam "Cappelle la Grande"]
[WhiteTeamCountry "FRA"]
[BlackTeamCountry "FRA"]

1. e4 e6 2. d4 d5 3. Nd2 c5 4. Ngf3 Nc6 5. Bb5 Bd7 6. exd5 exd5 7. 0-0 Bd6 8. dxc5 Bxc5 9. Nb3 Bb6 10. Qxd5 Nge7 11. Qh5 g6 12. Qh4 Qc8 13. Qf6 Rg8 14. Re1 Bd8 15. Nc5 Bg4 16. Nxb7 1-0